Justice V.R. Krishna Iyer's concept of social justice / (Record no. 56590)

MARC details
000 -LEADER
fixed length control field 00925nam a22002417a 4500
005 - DATE AND TIME OF LATEST TRANSACTION
control field 20110914120616.0
008 - FIXED-LENGTH DATA ELEMENTS--GENERAL INFORMATION
fixed length control field 110914t xxu||||| |||| 00| 0 eng d
010 ## - LCCN (DPL NO)
LC control number ENG-103686
020 ## - INTERNATIONAL STANDARD BOOK NUMBER
International Standard Book Number 9788184503982
Terms of availability 480.00
035 ## - SYSTEM CONTROL NUMBER
System control number EN-87219
037 ## - SOURCE OF ACQUISITION
Source of stock number/acquisition DBAD/PUB
040 ## - CATALOGING SOURCE
Original cataloging agency DPL
Language of cataloging Eng
082 ## - DEWEY DECIMAL CLASSIFICATION NUMBER
Classification number 303.372
100 ## - MAIN ENTRY--PERSONAL NAME
Personal name Jaswal, Vikram Singh
9 (RLIN) 34730
245 ## - TITLE STATEMENT
Title Justice V.R. Krishna Iyer's concept of social justice /
Statement of responsibility, etc by Vikram Singh Jaswal [and] Shweta Jaswal
260 ## - PUBLICATION, DISTRIBUTION, ETC. (IMPRINT)
Place of publication, distribution, etc New Delhi
Name of publisher, distributor, etc Deep and Deep Publications
Date of publication, distribution, etc 2011
270 ## - ADDRESS
Address F-159, Rajouri Garden
City New Delhi
Postal code 110027
300 ## - PHYSICAL DESCRIPTION
Extent xii,141p.
Dimensions 23cm (Hb)
500 ## - GENERAL NOTE
General note Includes bibliographical references and index
700 ## - ADDED ENTRY--PERSONAL NAME
9 (RLIN) 34731
Personal name Jaswal, Shweta
942 ## - ADDED ENTRY ELEMENTS (KOHA)
Source of classification or shelving scheme Dewey Decimal Classification
Item type English Books
Call number suffix JAS
Classification part 303.372
Holdings
Withdrawn status Lost status Source of classification or shelving scheme Damaged status Not for loan Collection code Home library Current library Date acquired Source of acquisition Cost, normal purchase price Total Checkouts Full call number Barcode Date last seen Copy number Cost, replacement price Koha item type
    Dewey Decimal Classification   Not For Loan Non-fiction D.B.Act.Division D.B.Act.Division 14/09/2011 DBAD/PUB 480.00   303.372 JAS EN-87219 14/09/2011 1 480.00 English Books

© Delhi Public Library
Hit Counter
free hit counter